000 01596nam a2200433 c 4500
001 52829
003 ES-MaCES
005 20250203133331.0
007 cr |||||||||||
008 230823s2023 sp ||| ||spa d
017 _aNA 616-2023
_bDL
020 _a9788411252508
020 _a9788411252522 (electrónico)
040 _aES-MaCES
_bspa
_cES-MaCES
100 1 _97909
_aBlázquez Agudo, Eva María
245 1 0 _aEdad y pensión de jubilación
_b: una oportunidad para hacer sostenible el sistema de la Seguridad Social
_cEva M. Blázquez Agudo ; pr., Tomás Arrieta Carrillo
250 _a1ª ed
260 _aCizur Menor (Navarra)
_bThomson Reuters-Aranzadi
_c2023
300 _a250 p.
_c24 cm
490 1 _a Aranzadi Derecho laboral
500 _aDisponible en formato electrónico mediante la aplicación PROVIEW
504 _aBibliografía: p. 245-250
541 _cCompra
650 4 _ajubilación
_928360
650 4 _aedad de jubilación
_930262
650 4 _arégimen de pensión
_927042
650 4 _aprestaciones de vejez
_927041
650 4 _aadministración de la seguridad social
_930264
650 4 _alegislación de seguridad social
_929855
650 4 _aderecho del trabajo
_927165
650 4 _aEspaña
_926964
650 4 _arégimen jurídico
_929894
653 1 0 _aDerecho del trabajo y Seguridad Social
700 1 _940732
_aArrieta Carrillo, Tomás
_ecol.
830 0 _aAranzadi Derecho laboral
_939476
856 4 _uhttps://miespacio.aranzadilaley.es/Account/Login
_yLegalteca
902 _aLIB Libro
942 _2CES
_cBK
_h6.0.1.
999 _c52829
_d52829